La economía argentina : las etapas de su desarrollo y problemas actuales /

Guardado en:
Autor Principal: Ferrer, Aldo
Formato: Libro
Publicado: Buenos Aires : Fondo de Cultura Económica
Materias:
Etiquetas: Agregar Etiqueta
Sin Etiquetas, Sea el primero en etiquetar este registro!
LEADER 00919nam a22002055a 4500
001 CEM.cems002487
005 20071009161614.0
008 130507b######################000#0#####d
003 CEMS
082 0 4 |a 330.982 
100 1 |a Ferrer, Aldo 
245 1 0 |a La economía argentina :  |b las etapas de su desarrollo y problemas actuales /  |c Aldo Ferrer 
260 |a Buenos Aires :  |b Fondo de Cultura Económica 
300 |a 260 p. 
505 0 |a Las economias regionales de subsistencia (siglos XVI al XVIII) -- La etapa de transición (fines del siglo XVIII hasta 1860) -- La economía primaria exportadora (1860-1930) -- La economía industrial no integrada (1930- ) 
653 |a Economía argentina 
653 |a Economía argentina-evolución 
653 |a Historia económica argentina 
859 |a CEMS  |b BIB. CEMS - 11 de abril  |h 330.982  |i F414  |p 1742.74  |t Ej.1 
859 |a CEMS  |b BIB. CEMS - 11 de abril  |h 330.982  |i F414  |p 24051.07  |t Ej.2